Κατάλογος Βιβλιοθηκών Mediterranean College

Εισαγωγή στην Επιστήμη της Ψυχολογίας (Record no. 147)

MARC details
000 -LEADER
fixed length control field 02091cam a22001934a 4500
005 - ΗΜΕΡΟΜΗΝΙΑ ΚΑΙ ΩΡΑ ΤΕΛΕΥΤΑΙΑΣ ΕΝΗΜΕΡΩΣΗΣ
Πεδίο ελέγχου 20250605163925.0
008 - FIXED-LENGTH DATA ELEMENTS--GENERAL INFORMATION
Πεδίο ελέγχου σταθερού μήκους 250528s ||||||||||||||||||||||||d
035 ## - SYSTEM CONTROL NUMBER
System control number 14519
020 ## - ISBN
ISBN 9600207712
040 ## - ΠΗΓΗ ΚΑΤΑΛΟΓΟΓΡΑΦΗΣΗΣ
Φορέας πρωτότυπης καταλογογράφησης MC Athens Campus Library
Γλώσσα καταλογογράφησης Ελληνικά, Μοντέρνα (1453-)
Modifying agency MC Athens Campus Library
Κανόνες περιγραφικής καταλογογράφησης AACR2
245 1# - ΤΙΤΛΟΣ ΚΑΙ ΔΗΛΩΣΗ ΥΠΕΥΘΥΝΟΤΗΤΑΣ
Τίτλος Εισαγωγή στην Επιστήμη της Ψυχολογίας
260 ## - PUBLICATION, DISTRIBUTION, ETC.
Name of publisher, distributor, etc. Παπαζήση,
Date of publication, distribution, etc. 1991
300 ## - PHYSICAL DESCRIPTION
Extent 288
520 ## - SUMMARY, ETC.
Summary, etc. Εισαγωγή, Ιστορική Ανασκόπηση, Ζωισμός - Ανιμισμός, Πολυθεισμός, Αρχαίοι Έλληνες - Φιλόσοφοι - Υλοζωισμός, Δομισμός (Structuralism) - Ενδοσκόπηση - Αυτοπαρατήρηση (Introspection), Λειτουργισμός (Functionalism), Ψυχανάλυση, Συμπεριφορισμός (Behaviorism), Η Ψυχολογία σαν Επάγγελμα, Μέθοδοι στην Ψυχολογία, Βιολογία και Συμπεριφορά, Το Νευρικό Σύστημα, Ημισφαίρια - Εγκεφαλικός Φλοιός, Αυτόνομο Νευρικό Σύστημα, Ψυχοφάρμακα, Επιληψία, Δοχοτόμηση του Εγκεφάλου, Ενδοκρινείς Αδένες, Κληρονομικότητα και Περιβάλλον, Γενετικοί Μηχανισμοί, DNA-RNA, Προγενέθλιο Περβάλλον, Το Περιβάλλον Επηρεάζει την Κληρονομικότητα, Γενετική και Συμπεριφορά Ζώων, Αξιολόγηση της Συμβολής ''Κληρονομικότητα-Περιβάλλον'', Πειράματα με τον Άνθρωπο, Έρευνες με Ανθρωποειδή, Εξελικτική, Κλασσική Εξάρτηση, Ενεργός Εξάρτηση, Ομοιότητες και Διαφορές Κλασσικής και Ενεργούς Εξάρτησης, Κοινωνική - Αποστροφική - Ενορατική.
700 1# - ΠΡΟΣΘΕΤΗ ΑΝΑΓΡΑΦΗ--ΦΥΣΙΚΟ ΠΡΟΣΩΠΟ
Personal name Πασχάλης Αναστάσιος
9 (RLIN) 219
942 ## - ADDED ENTRY ELEMENTS (KOHA)
Koha item type Books
Holdings
Τύπος τεκμηρίου Βιβλιοθήκη Τρέχουσα τοποθεσία Barcode Αριθμός εισαγωγής Ημερομηνία απόκτησης Ταξιθετικό σύμβολο Αριθμός αντιτύπου Κατάσταση απόσυρσης Κατάσταση χαμένου Κατάσταση κατεστραμμένου Μη δανεισμός Σύνολο δανεισμών Ημερομηνία τελευταίας εμφάνισης Η τιμή ισχύει από
Books MC Athens Campus Library MC Athens Campus Library 9780000001467 157 05/06/2025 150.19 PAS 2           05/06/2025 05/06/2025

MC Athens Campus Library
Πατησίων 94 & Κοδριγκτώνος 13, 104 34
Πελλήνης 8 & Πατησίων 107, 112 51
Τ: +30 210 8899600

MC Thessaloniki Campus Library
Ίωνος Δραγούμη 21, 54625 | Ίωνος Δραγούμη 15, 54625
Τ: +30 2310 287779 – Τ: +30 2314 440300